000 00989nam a2200313 i 4500
001 000023984
003 DO-SdBNP
005 20260226083028.0
007 ta
008 110404s2009 dr 001 0 spa d
020 _z9789945854725
040 _aDO-SdBNP
_bspa
_cBNPHU
_erda
041 _aspa
082 4 _a158.1
_bH632u 2009
_222
100 1 _aHidalgo, Saulo,
_eautor
_4aut.
_9386
245 1 0 _a¡Usted puede! :
_bprincipios para una vida de victoria /
_cSaulo Hidalgo.
250 _asexta edición
264 1 _aSanto Domingo :
_bEditora Tele-3,
_c2009.
300 _a163 páginas ;
_c18 cm.
336 _atexto
_btxt
_2rdacontent
337 _asin mediación
_bn
_2rdamedia
338 _avolumen
_bnc
_2rdacarrier
590 _aInventariado, 2018/MFF
650 7 _aAutorrealización (Psicología)
_2LIBRUNAM
_9211
650 7 _aAutoestima
_2LIBRUNAM
_9212
650 7 _aConducta de vida
_2LIBRUNAM
_911947
910 _aValidado. Control de calidad EMS
942 _2ddc
_cLBS1
999 _c23479
_d23479